01355cam a22002537a 4500001000500000005001700005020001800022040004400040050002300084082001400107100002300121245008600144250003000230260003400260300004500294490003400339505000800373520057700381521002100958521002000979650003400999650003501033700003301068103920231124101933.0 a9780439929523 aBTCTAcBTCTAdBAKERdTDSdEHHdDLCbeng00aPZ7.G8619bLf 200800a813.62221 aGregory, Kristiana14aThe legend of Skull Cliff /cby Kristiana Gregory ; illustrated by Patrick Faricy aFirst printing, June 2008 aNew York :bScholastic,c2008 a127 pages :billustrations, map ;c20 cm aCabin Creek MysteriesvBook 3 aO  aWhen a rich city kid disappears from nearby Camp Whispering Pines, the three cousins find themselves in the middle of a serious mystery. A ransom note raises the stakes, and the police start tracking down a kidnapper. But Jeff, David, and Claire learn that the boy was last seen headed toward fabled Skull Cliff, possibly in search of its sparkly treasure. The clues just don't add up. As they put all of their evidence together, the cousins start to believe that there never was a kidnapping. But that doesn't mean the boy is out of trouble. He's in more danger than ever0 a630 bLexile 1 aO bRaz-Plus  0aKidnappingvJuvenile fiction. 1aMystery and detective stories.1 aFaricy, Patrickeillustrator